<?xml version="1.0" encoding="UTF-8"?>
<record
    xmlns:xsi="http://www.w3.org/2001/XMLSchema-instance"
    xsi:schemaLocation="http://www.loc.gov/MARC21/slim http://www.loc.gov/standards/marcxml/schema/MARC21slim.xsd"
    xmlns="http://www.loc.gov/MARC21/slim">

  <leader>01138nam a2200265 i 4500</leader>
  <controlfield tag="001">180919</controlfield>
  <controlfield tag="003">ES-MaACL</controlfield>
  <controlfield tag="005">20240615063032.0</controlfield>
  <controlfield tag="008">120829s2012    sp a         |||| |dspa d</controlfield>
  <datafield tag="080" ind1=" " ind2=" ">
    <subfield code="a">75 Cisneros, Ricardo</subfield>
  </datafield>
  <datafield tag="100" ind1="1" ind2=" ">
    <subfield code="a">Cisneros, Ricardo.</subfield>
    <subfield code="9">151367</subfield>
  </datafield>
  <datafield tag="245" ind1="1" ind2="0">
    <subfield code="a">Multiverse, (Mundos paralelos) / </subfield>
    <subfield code="c">Ricardo Cisneros ; [proyecto curatorial, Monika Bravo].</subfield>
  </datafield>
  <datafield tag="260" ind1=" " ind2=" ">
    <subfield code="a">[S.l. : </subfield>
    <subfield code="b">s.n., </subfield>
    <subfield code="c">2012]</subfield>
  </datafield>
  <datafield tag="300" ind1=" " ind2=" ">
    <subfield code="a">[44 p.] : </subfield>
    <subfield code="b">il. col. ; </subfield>
    <subfield code="c">20 cm. +</subfield>
    <subfield code="e">1 disco compacto (CD-ROM)</subfield>
  </datafield>
  <datafield tag="500" ind1=" " ind2=" ">
    <subfield code="a">Cat&#xE1;logo de la exposici&#xF3;n organizada por la Secci&#xF3;n de Artes Pl&#xE1;sticas del Ateneo de Madrid, en la sala de exposiciones de Prado 19  del 30 de mayo al 21 de junio de 2012.</subfield>
  </datafield>
  <datafield tag="600" ind1="1" ind2="4">
    <subfield code="a">Cisneros, Ricardo-</subfield>
    <subfield code="v">Exposiciones.</subfield>
    <subfield code="9">151368</subfield>
  </datafield>
  <datafield tag="610" ind1="2" ind2="4">
    <subfield code="a">Ateneo de Madrid-</subfield>
    <subfield code="v">Exposiciones-</subfield>
    <subfield code="y">2010-2019.</subfield>
    <subfield code="9">144911</subfield>
  </datafield>
  <datafield tag="655" ind1=" " ind2="7">
    <subfield code="2">tgfbne</subfield>
    <subfield code="9">193628</subfield>
    <subfield code="a">Cat&#xE1;logos de exposiciones</subfield>
  </datafield>
  <datafield tag="700" ind1="1" ind2=" ">
    <subfield code="a">Bravo, Monika.</subfield>
    <subfield code="9">151369</subfield>
  </datafield>
  <datafield tag="710" ind1="2" ind2=" ">
    <subfield code="a">Ateneo de Madrid. </subfield>
    <subfield code="b">Secci&#xF3;n de Artes Pl&#xE1;sticas.</subfield>
    <subfield code="9">1970</subfield>
  </datafield>
  <datafield tag="852" ind1=" " ind2=" ">
    <subfield code="a">ES-MaACL</subfield>
    <subfield code="j">2318-F-2</subfield>
    <subfield code="c">DEPOF</subfield>
    <subfield code="9">187799</subfield>
  </datafield>
  <datafield tag="852" ind1=" " ind2=" ">
    <subfield code="a">ES-MaACL</subfield>
    <subfield code="j">ROT 6/3/16</subfield>
    <subfield code="9">203496</subfield>
    <subfield code="c">ROT</subfield>
  </datafield>
  <datafield tag="942" ind1=" " ind2=" ">
    <subfield code="2">udc</subfield>
  </datafield>
  <datafield tag="999" ind1=" " ind2=" ">
    <subfield code="c">180919</subfield>
    <subfield code="d">180919</subfield>
  </datafield>
  <datafield tag="952" ind1=" " ind2=" ">
    <subfield code="0">0</subfield>
    <subfield code="1">0</subfield>
    <subfield code="2">udc</subfield>
    <subfield code="4">0</subfield>
    <subfield code="7">0</subfield>
    <subfield code="8">Colecci&#xF3;n_de_folletos</subfield>
    <subfield code="a">ATENEOM</subfield>
    <subfield code="b">ATENEOM</subfield>
    <subfield code="c">DEPOF</subfield>
    <subfield code="d">2012-08-29</subfield>
    <subfield code="l">0</subfield>
    <subfield code="o">2318-F-2</subfield>
    <subfield code="p">1190116</subfield>
    <subfield code="r">2023-02-23 00:00:00</subfield>
    <subfield code="w">2023-02-23</subfield>
    <subfield code="y">FOLLETOS</subfield>
  </datafield>
  <datafield tag="952" ind1=" " ind2=" ">
    <subfield code="0">0</subfield>
    <subfield code="1">0</subfield>
    <subfield code="2">udc</subfield>
    <subfield code="4">0</subfield>
    <subfield code="7">0</subfield>
    <subfield code="a">ATENEOM</subfield>
    <subfield code="b">ATENEOM</subfield>
    <subfield code="c">ROT</subfield>
    <subfield code="d">2024-06-13</subfield>
    <subfield code="l">0</subfield>
    <subfield code="o">ROT 6/3/16</subfield>
    <subfield code="p">101228501</subfield>
    <subfield code="r">2024-06-13 00:00:00</subfield>
    <subfield code="w">2024-06-13</subfield>
    <subfield code="y">CDROM</subfield>
  </datafield>
</record>
